000 02003nam a2200409 a 4500
001 ebr10512344
003 CaPaEBR
006 m u
007 cr cn|||||||||
008 111031s2011 ne a sb 001 0deng d
010 _z 2011500774
020 _z9789042033979 (geb.)
020 _z9042033975 (geb.)
020 _z9789401206846 (e-book)
040 _aCaPaEBR
_cCaPaEBR
035 _a(OCoLC)767696350
043 _ae------
050 1 4 _aPN55
_b.E96 2011eb
245 0 4 _aThe evolution of literature
_h[electronic resource] :
_blegacies of Darwin in European cultures /
_cedited by Nicholas Saul and Simon J. James.
260 _aAmsterdam ;
_aNew York :
_bRodopi,
_c2011.
300 _a346 p. :
_bill.
490 1 _aInternationale Forschungen zur allgemeinen und vergleichenden Literaturwissenschaft,
_x0929-6999 ;
_v152
500 _aThis book emerges from an interdisciplinary comparative literature conference 'The Evolution of Literature: Legacies of Darwin in European Cultures', which was held at St. Mary's College, Durham University, from 4-6 April 2008.
504 _aIncludes bibliographical references and index.
533 _aElectronic reproduction.
_bPalo Alto, Calif. :
_cebrary,
_d2013.
_nAvailable via World Wide Web.
_nAccess may be limited to ebrary affiliated libraries.
600 1 0 _aDarwin, Charles,
_d1809-1882
_xInfluence.
650 0 _aEuropean literature
_xHistory and criticism.
650 0 _aLiterature and science
_zEurope.
650 0 _aEvolution (Biology) in literature.
655 7 _aElectronic books.
_2local
700 1 _aSaul, Nicholas.
700 1 _aJames, Simon J.
710 2 _aebrary, Inc.
711 2 _aEvolution of Literature: Legacies of Darwin in European Cultures
_d(2008 :
_cDurham)
830 0 _aInternationale Forschungen zur allgemeinen und vergleichenden Literaturwissenschaft ;
_v152.
856 4 0 _uhttp://site.ebrary.com/lib/rucke/Doc?id=10512344
_zAn electronic book accessible through the World Wide Web; click to view
999 _c119948
_d119948